000 00856nam a2200241 a 4500
005 20150106153613.0
008 140130b2008 ck ||||| |||| 00| 0 spa d
040 _aCO-BoIAVH
_cCO-BoIAVH
041 _aspa
044 _ack
090 _aIAVH
_b01289
100 _aRudas LLeras, Guillermo
_931037
245 _aIndicadores sociales y económicos en los municipios donde se localizan los Parques Nacionales Naturales de Colombia
_bPropuesta de indicadores para el informe de estado de la biodiversidad en Colombia 2007-2008
260 _aBogotá
_bIAVH
_c2008
300 _a51 p.
700 _aRodríguez, Nelly
_92387
700 _aMorales, Mónica
_92695
700 _aBernal, Néstor Ricardo
_94715
700 _aVargas, Julio César
_96059
700 _aGutiérrez, Diana
_96060
700 _aBetancourth, Juan Carlos
_94714
942 _cINFORME
_2z
_01
999 _c6762
_d6762